US Federal Organizations by Logo Quiz Stats

 Plays Quiz Updated May 17, 2018

Also try: Similar Logos
Challenge
Share
Tweet
Score 0/20 Timer 10:00
0 Plays Today
Number Organization % Correct
3National Aeronautic and Space Administration
98%
10U.S. Postal Service
83.2%
2National Park Service
56.9%
13Central Intelligence Agency
38.3%
6Federal Bureau of Investigation
37.6%
18U. S. Forest Service
30.1%
15U.S. Mint
27.3%
16National Oceanographic and Atmospheric Administration
26.7%
17Internal Revenue Service
22.3%
14Fish and Wildlife Service
15.1%
Number Organization % Correct
4U.S. Marshals Service
13.8%
20U. S. Secret Service
10.5%
1Bureau of Land Management
8.2%
5Federal Aviation Administration
6.6%
8Federal Communications Commission
4.6%
9Joint Chiefs of Staff
2.4%
7Bureau of the Census
2%
11Federal Emergency Management Agency
2%
12U.S. Public Health Service
1.7%
19Government Accountability Office
1.3%

You're not logged in!

Compare scores with friends on all Sporcle quizzes.
OR
Log In

You Might Also Like...

Show Comments

Extras

Top Quizzes Today


Score Distribution

Your Account Isn't Verified!

In order to create a playlist on Sporcle, you need to verify the email address you used during registration. Go to your Sporcle Settings to finish the process.

Report this User

Report this user for behavior that violates our Community Guidelines.

Details: